Nový edično-propagačný systém ÚŠOP

Bibliographic Details
Main Author: Stockmann, Viliam, 1942- (Author)
Format: Article
Language:Slovak
PhysicalDescription:Obr. 1. Tb. 1.
Subjects:

MARC

LEADER 00000nab a2200000 a 4500
001 vtls000332816
003 SK-MaSNL
005 20260304170547.0
008 140328c1987 xo 0 slo
015 |a SNBRA19rr/mm-uuuuu 
035 |a CL0332938 
040 |a SNKBUCL  |b slo  |c SNKBUCL  |e AACR2 
041 0 |a slo 
044 |a xo  |c SK 
080 |a 502:061  |2 1981 
080 |a 061  |2 1981 
100 1 |a Stockmann, Viliam,  |d 1942-  |4 aut  |9 242316 
245 1 0 |a Nový edično-propagačný systém ÚŠOP  |c Viliam Stockmann 
300 |b Obr. 1. Tb. 1. 
650 0 7 |a Ústredie štátnej ochrany prírody (Liptovský Mikuláš, Slovensko)  |2 snkbucl  |9 1498018 
655 7 |a články zo zborníkov  |2 snkbucl  |9 166140 
773 0 |t Chránené územia Slovenska 9  |d Bratislava : Obzor, 1987  |g S. 94-95 
850 |a Slovenská národná knižnica v Martine  |a MTA001 
852 |a SNK  |b KIS3GCP 
957 |a 5304 
958 |a RK 
992 |a RZB 
999 |c 2989393  |d 2991323